Govt. of
Madhya Pradesh

शकुन-अपशकुन (Record no. 54444)

MARC details
000 -LEADER
fixed length control field 00579nam a22001697a 4500
003 - CONTROL NUMBER IDENTIFIER
control field MACL
005 - DATE AND TIME OF LATEST TRANSACTION
control field 20160719132715.0
008 - FIXED-LENGTH DATA ELEMENTS--GENERAL INFORMATION
fixed length control field 160719b xxu||||| |||| 00| 0 eng d
040 ## - CATALOGING SOURCE
Transcribing agency MACL
041 ## - LANGUAGE CODE
Language code of text/sound track or separate title Hindi
082 ## - DEWEY DECIMAL CLASSIFICATION NUMBER
Classification number 800
100 ## - MAIN ENTRY--PERSONAL NAME
Personal name वत्‍स, परमात्‍मा शरण
9 (RLIN) 64712
245 ## - TITLE STATEMENT
Title शकुन-अपशकुन
Statement of responsibility, etc. परमात्‍मा शरण वत्‍स
260 ## - PUBLICATION, DISTRIBUTION, ETC. (IMPRINT)
Place of publication, distribution, etc. मेरठ
Name of publisher, distributor, etc. अर्चना पब्लिकेशन्‍स
650 ## - SUBJECT ADDED ENTRY--TOPICAL TERM
Topical term or geographic name as entry element काव्‍य समीक्षा
9 (RLIN) 48818
942 ## - ADDED ENTRY ELEMENTS (KOHA)
Source of classification or shelving scheme
Koha item type Hindi Books
Holdings
Withdrawn status Lost status Source of classification or shelving scheme Damaged status Not for loan Home library Current library Date acquired Total Checkouts Full call number Barcode Date last seen Price effective from Koha item type
          MACL MACL 19/07/2016   800 CRH030592 19/07/2016 19/07/2016 Hindi Books